000 00699nam a2200241Ia 4500
008 180523s9999 xx 000 0 und d
020 _a0-07-116764-1
050 _aMAIN HF 5718.3
050 _b.F58 1999
100 _aFitzgerald, Suzanne Sparks.
245 0 _aGreat business writing :
245 0 _bhow to write letter, papers, memos, and job applications /
245 0 _cSuzanne Sparks Fitzgerald.
260 _aNew York :
260 _bMcGraw-Hill,
260 _c1999
300 _a160 pages :
300 _billustrations ;
300 _c22 cm.
440 _a(Schaum's quick guide series)
500 _aIncludes index.
650 _aBusiness writing -- Handbooks, manuals, etc.
999 _c357230
_d357230